Justice Expenditure -- Direct -- by Level of Government

Gespeichert in:  
Bibliographische Detailangaben
Medienart: Elektronisch Forschungsdaten Statistik
Sprache:Englisch
Veröffentlicht: [Erscheinungsort nicht ermittelbar] United States Department of Commerce, Bureau of the Census 2002
In:Jahr: 2002
Online-Zugang: Volltext (lizenzpflichtig)
Verfügbarkeit prüfen: HBZ Gateway
Subito Bestelldienst: Jetzt bestellen.
Schlagwörter:

MARC

LEADER 00000cam a22000002c 4500
001 1912602466
003 DE-627
005 20250125055222.0
007 cr uuu---uuuuu
008 241217s2002 xx |||||os 00| ||eng c
035 |a (DE-627)1912602466 
035 |a (DE-599)KXP1912602466 
040 |a DE-627  |b ger  |c DE-627  |e rda 
041 |a eng 
084 |a 2,1  |2 ssgn 
245 0 0 |a Justice Expenditure -- Direct -- by Level of Government 
264 1 |a [Erscheinungsort nicht ermittelbar]  |b United States Department of Commerce, Bureau of the Census  |c 2002 
336 |a Text  |b txt  |2 rdacontent 
337 |a Computermedien  |b c  |2 rdamedia 
338 |a Online-Ressource  |b cr  |2 rdacarrier 
500 |a (author unknown) 
655 7 |a Statistik  |0 (DE-588)4056995-0  |0 (DE-627)106152955  |0 (DE-576)209119799  |2 gnd-content 
655 7 |a Forschungsdaten  |0 (DE-588)1098579690  |0 (DE-627)857755366  |0 (DE-576)469182156  |2 gnd-content 
787 0 8 |i Forschungsdaten  |a United States Department of Justice. Office of Justice Programs. Bureau of Justice Statistics  |t Expenditure and Employment Data for the Criminal Justice System (United States): CJEE Extracts File, 1999  |d [Erscheinungsort nicht ermittelbar] : [Verlag nicht ermittelbar], 2002  |w (DE-627)1840066938 
787 0 8 |i Forschungsdaten  |a United States Department of Justice. Office of Justice Programs. Bureau of Justice Statistics  |t Expenditure and Employment Data for the Criminal Justice System (United States): CJEE Extracts File, 1998  |d [Erscheinungsort nicht ermittelbar] : [Verlag nicht ermittelbar], 2002  |w (DE-627)1840066946 
787 0 8 |i Forschungsdaten  |a United States Department of Justice. Office of Justice Programs. Bureau of Justice Statistics  |t Expenditure and Employment Data for the Criminal Justice System (United States): CJEE Extracts File, 1997  |d [Erscheinungsort nicht ermittelbar] : [Verlag nicht ermittelbar], 2001  |w (DE-627)184006708X 
787 0 8 |i Forschungsdaten  |a United States Department of Justice. Office of Justice Programs. Bureau of Justice Statistics  |t Expenditure and Employment Data for the Criminal Justice System (United States): CJEE Extracts File, 1996  |d [Erscheinungsort nicht ermittelbar] : [Verlag nicht ermittelbar], 2001  |w (DE-627)1840067063 
787 0 8 |i Forschungsdaten  |a United States Department of Justice. Office of Justice Programs. Bureau of Justice Statistics  |t Expenditure and Employment Data for the Criminal Justice System (United States): CJEE Extracts File, 1995  |d [Erscheinungsort nicht ermittelbar] : [Verlag nicht ermittelbar], 2001  |w (DE-627)1840067152 
787 0 8 |i Forschungsdaten  |a United States Department of Justice. Office of Justice Programs. Bureau of Justice Statistics  |t Expenditure and Employment Data for the Criminal Justice System (United States): CJEE Extracts File, 1994  |d [Erscheinungsort nicht ermittelbar] : [Verlag nicht ermittelbar], 2001  |w (DE-627)1840067144 
787 0 8 |i Forschungsdaten  |a United States Department of Justice. Office of Justice Programs. Bureau of Justice Statistics  |t Expenditure and Employment Data for the Criminal Justice System (United States): CJEE Extracts File, 1993  |d [Erscheinungsort nicht ermittelbar] : [Verlag nicht ermittelbar], 2001  |w (DE-627)1840057440 
787 0 8 |i Forschungsdaten  |a United States Department of Justice. Office of Justice Programs. Bureau of Justice Statistics  |t Expenditure and Employment Data for the Criminal Justice System (United States): CJEE Extracts File, 1992  |d [Erscheinungsort nicht ermittelbar] : [Verlag nicht ermittelbar], 1996  |w (DE-627)1840067845 
787 0 8 |i Forschungsdaten  |a United States Department of Justice. Office of Justice Programs. Bureau of Justice Statistics  |t Expenditure and Employment Data for the Criminal Justice System (United States): CJEE Extracts File, 1991  |d [Erscheinungsort nicht ermittelbar] : [Verlag nicht ermittelbar], 1994  |w (DE-627)1840067977 
787 0 8 |i Forschungsdaten  |a United States Department of Justice. Office of Justice Programs. Bureau of Justice Statistics  |t Expenditure and Employment Data for the Criminal Justice System (United States): CJEE Extracts File, 1990  |d [Erscheinungsort nicht ermittelbar] : [Verlag nicht ermittelbar], 1993  |w (DE-627)1840068094 
787 0 8 |i Forschungsdaten  |a United States Department of Justice. Office of Justice Programs. Bureau of Justice Statistics  |t Expenditure and Employment Data for the Criminal Justice System (United States): CJEE Extracts File, 1989  |d [Erscheinungsort nicht ermittelbar] : [Verlag nicht ermittelbar], 1992  |w (DE-627)184006658X 
787 0 8 |i Forschungsdaten  |a United States Department of Justice. Office of Justice Programs. Bureau of Justice Statistics  |t Expenditure and Employment Data for the Criminal Justice System (United States): CJEE Extracts File, 1988  |d [Erscheinungsort nicht ermittelbar] : [Verlag nicht ermittelbar], 1991  |w (DE-627)1840067616 
787 0 8 |i Forschungsdaten  |a United States Department of Justice. Office of Justice Programs. Bureau of Justice Statistics  |t Expenditure and Employment Data for the Criminal Justice System (United States): CJEE Extracts File, 1987  |d [Erscheinungsort nicht ermittelbar] : [Verlag nicht ermittelbar], 1990  |w (DE-627)184006756X 
787 0 8 |i Forschungsdaten  |a United States Department of Justice. Office of Justice Programs. Bureau of Justice Statistics  |t Expenditure and Employment Data for the Criminal Justice System (United States): CJEE Extracts File, 1986  |d [Erscheinungsort nicht ermittelbar] : [Verlag nicht ermittelbar], 1989  |w (DE-627)1840065761 
787 0 8 |i Forschungsdaten  |a United States Department of Justice. Office of Justice Programs. Bureau of Justice Statistics  |t Expenditure and Employment Data for the Criminal Justice System (United States): CJEE Extracts File, 1985  |d [Erscheinungsort nicht ermittelbar] : [Verlag nicht ermittelbar], 1989  |w (DE-627)1840067497 
787 0 8 |i Forschungsdaten  |a United States Department of Justice. Office of Justice Programs. Bureau of Justice Statistics  |t Expenditure and Employment Data for the Criminal Justice System (United States): CJEE Extracts File, 1984  |d [Erscheinungsort nicht ermittelbar] : [Verlag nicht ermittelbar], 1989  |w (DE-627)1840067500 
787 0 8 |i Forschungsdaten  |a United States Department of Justice. Office of Justice Programs. Bureau of Justice Statistics  |t Expenditure and Employment Data for the Criminal Justice System (United States): CJEE Extracts File, 1983  |d [Erscheinungsort nicht ermittelbar] : [Verlag nicht ermittelbar], 1986  |w (DE-627)1840067659 
787 0 8 |i Forschungsdaten  |a United States Department of Justice. Office of Justice Programs. Bureau of Justice Statistics  |t Expenditure and Employment Data for the Criminal Justice System (United States): CJEE Extracts File, 1982  |d [Erscheinungsort nicht ermittelbar] : [Verlag nicht ermittelbar], 1985  |w (DE-627)1840067705 
856 4 0 |u https://bjs.ojp.gov/redirect-legacy/index.cfm?ty=pbdetail&iid=2051  |x Verlag  |z lizenzpflichtig  |3 Volltext  |7 1 
935 |a mkri 
951 |a BO 
ELC |a 1 
LOK |0 000 xxxxxcx a22 zn 4500 
LOK |0 001 463756798X 
LOK |0 003 DE-627 
LOK |0 004 1912602466 
LOK |0 005 20241217044633 
LOK |0 008 241217||||||||||||||||ger||||||| 
LOK |0 035   |a (DE-2619)ICPSR85125 
LOK |0 040   |a DE-2619  |c DE-627  |d DE-2619 
LOK |0 092   |o n 
LOK |0 852   |a DE-2619 
LOK |0 852 1  |9 00 
LOK |0 935   |a foda  |a nacp 
LOK |0 939   |a 17-12-24  |b l01 
ORI |a SA-MARC-krimdoka001.raw